| 000 | 00556 a2200169 4500 | ||
|---|---|---|---|
| 999 |
_c5052 _d5052 |
||
| 010 | _aENG-86705 | ||
| 020 |
_a9780955123511 _c895.00 |
||
| 035 | _aEN-70238 | ||
| 037 | _bDBAD / PUB | ||
| 082 | 1 | 4 | _a335 |
| 100 | _aRandhir Singh | ||
| 245 | 1 |
_aCrisis of socialism : _cby Randhir singh _bnotes in defence of a commitment / |
|
| 260 |
_aDelhi _bAjanta Books _c2006 |
||
| 270 |
_a1-UB, Jawahar Nagar, Bangalow Road, _bDelhi _e110 007 _k91-11-23856182 _majantabi@vsnl.com |
||
| 300 |
_axiii, 1087p _c24cm (pbk) |
||
| 942 |
_adpl _cEN _2ddc _h335 _mRAN |
||